000
00258nam a22001217a 4500
082
_a
617.63 ,O14G
100
_a
GHOM,ANIL GOVIND RAO
245
_a
BASIC ORAL RADIOLOGY
250
_a
1ST
260
_a
DELHI
_b
JAPEE
_c
2014
300
_a
208
942
_2
ddc
_c
BK
_0
1
999
_c
9804
_d
9804